[Event "DEM U18 2008"]
[Site "Willingen GER"]
[Date "2008.05.17"]
[Round "9"]
[White "Czybik, Nils Patrick"]
[Black "Holgert, Michael"]
[Result "1-0"]
[Termination "normal"]
[Board "13"]
[WhiteElo "2072"]
[BlackElo "2004"]
[PlyCount "103"]
[WhiteFideId "24632040"]
[BlackFideId "24668990"]
[EventCountry "GER"]
[EventRounds "9"]
[EventType "swiss"]
[EventDate "2008.05.10"]

1. Nf3 c5 2. c4 Nc6 3. Nc3 g6 4. d4 cxd4 5. Nxd4 Bg7 6. Nc2 Nf6 7. e4 d6 8. Be2
O-O 9. O-O Bd7 10. Be3 Qc8 11. f3 Re8 12. Qd2 Ne5 13. b3 h5 14. Rac1 h4 15. Nb4
Qd8 16. Nbd5 Nxd5 17. Nxd5 h3 18. g3 b6 19. b4 Rc8 20. Rc2 Be6 21. Rfc1 Bxd5
22. exd5 Qd7 23. Qd1 Qf5 24. Qf1 Qh5 25. g4 Qh8 26. Qf2 Nd7 27. Bf1 Rc7 28. Kh1
Rec8 29. f4 Nf6 30. Qf3 Qh4 31. Be2 Qh8 32. Bf2 Nd7 33. Qd3 Bb2 34. Rb1 Bg7 35.
a4 a6 36. Qa3 Bd4 37. Bg3 b5 38. Rbc1 bxc4 39. a5 Nf6 40. Qf3 Nd7 41. Be1 Ba7
42. Bf1 Qf6 43. Bxh3 Ne5 44. Qe4 Qh8 45. fxe5 Qxh3 46. Bg3 dxe5 47. Bxe5 Rd7
48. Rc3 Qh4 49. Rxc4 Rcd8 50. Rc6 e6 51. d6 f5 52. Qc4 1-0

[Event "DEM U18w 2008"]
[Site "Willingen GER"]
[Date "2008.05.11"]
[Round "1"]
[White "Ohme, Melanie"]
[Black "Karmann, Anna"]
[Result "1-0"]
[Termination "normal"]
[Board "1"]
[WhiteTitle "FM"]
[WhiteElo "2248"]
[BlackElo "1891"]
[PlyCount "89"]
[WhiteFideId "4690745"]
[BlackFideId "24648000"]
[EventCountry "GER"]
[EventRounds "9"]
[EventType "swiss"]
[EventDate "2008.05.10"]

1. e4 c6 2. d4 d5 3. Nc3 dxe4 4. Nxe4 Bf5 5. Ng3 Bg6 6. h4 h6 7. Nf3 Nd7 8. h5
Bh7 9. Bd3 Bxd3 10. Qxd3 e6 11. Bd2 Ngf6 12. O-O-O Qc7 13. Qe2 c5 14. Rh4 Be7
15. dxc5 Rc8 16. Kb1 O-O 17. Nf5 exf5 18. Qxe7 Rfe8 19. Qd6 Qxc5 20. Qxc5 Nxc5
21. Nd4 Nce4 22. Be3 Rcd8 23. Kc1 Ng4 24. Nxf5 Rxd1+ 25. Kxd1 Nexf2+ 26. Bxf2
Nxf2+ 27. Kd2 Ne4+ 28. Kd3 Nf6 29. Ne3 Re5 30. g4 Kf8 31. c4 b6 32. b4 Rg5 33.
Kd4 Ke8 34. a4 Kd7 35. Kd3 Kc6 36. Kd4 Kd7 37. a5 bxa5 38. b5 Kc7 39. c5 Kb7
40. Nf5 Nxg4 41. Nd6+ Kc7 42. Ne4 f5 43. Nxg5 hxg5 44. Rh1 Nf2 45. Rf1 1-0

[Event "DEM U18w 2008"]
[Site "Willingen GER"]
[Date "2008.05.11"]
[Round "1"]
[White "van Orsouw, Svenja"]
[Black "Mader, Manuela"]
[Result "0-1"]
[Termination "normal"]
[Board "2"]
[BlackTitle "FM"]
[WhiteElo "1645"]
[BlackElo "2161"]
[PlyCount "62"]
[WhiteFideId "24677124"]
[BlackFideId "24612928"]
[EventCountry "GER"]
[EventRounds "9"]
[EventType "swiss"]
[EventDate "2008.05.10"]

1. e4 c6 2. d4 d5 3. f3 g6 4. Nc3 Bg7 5. Be3 Qb6 6. Qd2 Qxb2 7. Rb1 Qa3 8. Bd3
e6 9. Nge2 b6 10. O-O Nf6 11. Rb3 Qe7 12. Bh6 O-O 13. Bxg7 Kxg7 14. Nd1 c5 15.
c4 dxc4 16. Bxc4 Rd8 17. Qe3 cxd4 18. Nxd4 Qc5 19. Rd3 Qxc4 20. Nxe6+ Qxe6 21.
Rxd8 Nc6 22. Rd2 Ba6 23. Rff2 Na5 24. Qa3 Rc8 25. Ne3 Qe5 26. Qd6 Rc1+ 27. Nd1
Qxd6 28. Rxd6 Nc4 29. Rd8 Ne8 30. Kf1 Nc7 31. Ke2 Ne6 0-1

[Event "DEM U18w 2008"]
[Site "Willingen GER"]
[Date "2008.05.11"]
[Round "1"]
[White "Jussupow, Ekaterina"]
[Black "Lorenz, Nicole"]
[Result "1-0"]
[Termination "normal"]
[Board "3"]
[WhiteElo "2046"]
[BlackElo "1824"]
[PlyCount "41"]
[WhiteFideId "24625400"]
[BlackFideId "24623709"]
[EventCountry "GER"]
[EventRounds "9"]
[EventType "swiss"]
[EventDate "2008.05.10"]

1. d4 Nf6 2. c4 e6 3. Nf3 b6 4. e3 Bb7 5. Bd3 Be7 6. O-O O-O 7. Nc3 d6 8. b4
Nbd7 9. Bb2 c5 10. bxc5 dxc5 11. Re1 Rc8 12. a4 cxd4 13. exd4 Bb4 14. h3 Bxc3
15. Bxc3 Ba6 16. Qe2 Qc7 17. Nd2 Rfd8 18. Rac1 Nb8 19. d5 Qd7 20. Bxf6 gxf6 21.
Ne4 1-0

[Event "DEM U18w 2008"]
[Site "Willingen GER"]
[Date "2008.05.11"]
[Round "1"]
[White "Benzen, Marthe"]
[Black "Jehle, Anja"]
[Result "0-1"]
[Termination "normal"]
[Board "4"]
[WhiteElo "1829"]
[BlackElo "1968"]
[PlyCount "72"]
[WhiteFideId "24647764"]
[BlackFideId "24631434"]
[EventCountry "GER"]
[EventRounds "9"]
[EventType "swiss"]
[EventDate "2008.05.10"]

1. e4 c5 2. Nc3 d6 3. f4 g6 4. Nf3 Bg7 5. Bc4 e6 6. d3 Nc6 7. O-O Nge7 8. Qe1
Nd4 9. Bb3 Rb8 10. f5 Nxb3 11. axb3 exf5 12. exf5 Bxf5 13. Rxa7 O-O 14. Bg5 f6
15. Bf4 Nc6 16. Ra1 Re8 17. Qg3 Ne5 18. Rfe1 Bd7 19. Nxe5 dxe5 20. Be3 b6 21.
Qf3 f5 22. Ra7 Qc8 23. Rea1 Bc6 24. Qf2 Rb7 25. R7a6 f4 26. Bd2 Qf5 27. Ra8
Rxa8 28. Rxa8+ Kf7 29. h3 h5 30. Ne2 Bf6 31. b4 Be7 32. Kh2 g5 33. bxc5 bxc5
34. Bc3 g4 35. hxg4 hxg4 36. g3 Qh5+ 0-1

[Event "DEM U18w 2008"]
[Site "Willingen GER"]
[Date "2008.05.11"]
[Round "1"]
[White "Zikeli, Saskia"]
[Black "Hingst, Silke"]
[Result "0-1"]
[Termination "normal"]
[Board "5"]
[WhiteElo "2053"]
[BlackElo "1752"]
[PlyCount "86"]
[WhiteFideId "24601543"]
[BlackFideId "4624564"]
[EventCountry "GER"]
[EventRounds "9"]
[EventType "swiss"]
[EventDate "2008.05.10"]

1. c4 f5 2. Nc3 Nf6 3. g3 g6 4. Bg2 Bg7 5. e3 e5 6. d3 O-O 7. Nge2 d6 8. O-O c6
9. Rb1 Bd7 10. b4 Na6 11. a4 Nh5 12. b5 Nc5 13. f4 exf4 14. exf4 Re8 15. Qc2
Nf6 16. h3 Qc7 17. Bb2 Re7 18. Kh2 Rae8 19. Rbd1 Qa5 20. Nc1 Nh5 21. d4 Ne4 22.
Nxe4 fxe4 23. Nb3 Qc7 24. Qb1 d5 25. cxd5 cxd5 26. Ba3 Rf7 27. Nc5 b6 28. Na6
Qc3 29. g4 Qg3+ 30. Kh1 Nxf4 31. Rxf4 Rxf4 32. Bd6 Rf1+ 33. Bxf1 Qxd6 34. Qb3
e3 35. Qd3 Qf4 36. Nb4 Qe4+ 37. Qxe4 Rxe4 38. Bg2 e2 39. Re1 Rxd4 40. Nc2 Rd1
41. Kh2 Rxe1 42. Bxd5+ Kf8 43. Nxe1 Bc3 0-1

[Event "DEM U18w 2008"]
[Site "Willingen GER"]
[Date "2008.05.11"]
[Round "1"]
[White "Voss, Janine"]
[Black "Hannes, Diana"]
[Result "0-1"]
[Termination "normal"]
[Board "6"]
[WhiteElo "1869"]
[BlackElo "1976"]
[PlyCount "68"]
[WhiteFideId "24677329"]
[BlackFideId "24611344"]
[EventCountry "GER"]
[EventRounds "9"]
[EventType "swiss"]
[EventDate "2008.05.10"]

1. e4 b6 2. d4 Bb7 3. Nc3 e6 4. Bd3 Nf6 5. Nge2 d5 6. exd5 Nxd5 7. O-O Be7 8.
Kh1 O-O 9. Nf4 Nxc3 10. bxc3 Nd7 11. Re1 Re8 12. Re3 Bd6 13. Bxh7+ Kf8 14. Rh3
Nf6 15. Bd3 Ke7 16. Qe2 Rh8 17. Bf5 Bxf4 18. Bxf4 Qd5 19. Rf3 Qa5 20. d5 Bxd5
21. Rg3 Nh5 22. Rg4 Bxg2+ 23. Kxg2 Qxf5 24. Be3 Rad8 25. Kg1 g6 26. Rb1 Nf6 27.
Rg2 Ne4 28. Bd4 Rh3 29. Rb5 c5 30. Rb3 cxd4 31. cxd4 Rxb3 32. axb3 Rxd4 33. h4
Nc3 34. Qe1 Rd1 0-1

[Event "DEM U18w 2008"]
[Site "Willingen GER"]
[Date "2008.05.11"]
[Round "1"]
[White "Remy, Janina"]
[Black "Herbold, Nora Marina"]
[Result "1-0"]
[Termination "normal"]
[Board "7"]
[WhiteElo "1963"]
[BlackElo "1674"]
[PlyCount "109"]
[WhiteFideId "24627348"]
[BlackFideId "4624548"]
[EventCountry "GER"]
[EventRounds "9"]
[EventType "swiss"]
[EventDate "2008.05.10"]

1. e4 c5 2. Nc3 Nc6 3. Bb5 Nd4 4. a4 e6 5. Nf3 g6 6. O-O Bg7 7. Re1 Ne7 8. e5
a6 9. Bc4 d5 10. exd6 Qxd6 11. Ne4 Qc7 12. c3 Nxf3+ 13. Qxf3 O-O 14. d3 h6 15.
Bf4 Qc6 16. Qe3 Nf5 17. Qxc5 Qxc5 18. Nxc5 b6 19. Ne4 e5 20. Be3 Nxe3 21. fxe3
Bb7 22. Nd6 Bc6 23. Rf1 Ra7 24. Rf2 Rd7 25. Ne4 Bxe4 26. dxe4 a5 27. Raf1 h5
28. Bd5 Bh6 29. Re2 Rc8 30. Rf6 Rb8 31. Rxg6+ Kh7 32. Rf6 Re7 33. Rxf7+ Rxf7
34. Bxf7 h4 35. Bd5 Bf8 36. Kf2 Bc5 37. Rd2 Rf8+ 38. Ke2 Rf6 39. b3 Kg7 40. Rb2
Kh6 41. Rb1 Rg6 42. Rg1 Rf6 43. g4 Kg5 44. h3 Rd6 45. Rb1 Rf6 46. b4 axb4 47.
cxb4 Be7 48. Bb7 Bd8 49. Rd1 Be7 50. a5 bxa5 51. bxa5 Bd6 52. a6 Bb8 53. Rd8
Ba7 54. Ra8 Bb6 55. Re8 1-0

[Event "DEM U18w 2008"]
[Site "Willingen GER"]
[Date "2008.05.11"]
[Round "1"]
[White "Franzenburg, Maria"]
[Black "Erben, Larissa"]
[Result "0-1"]
[Termination "normal"]
[Board "8"]
[WhiteElo "1826"]
[BlackElo "1942"]
[PlyCount "52"]
[WhiteFideId "24667102"]
[BlackFideId "24634590"]
[EventCountry "GER"]
[EventRounds "9"]
[EventType "swiss"]
[EventDate "2008.05.10"]

1. e4 c5 2. c3 Nf6 3. e5 Nd5 4. d4 cxd4 5. cxd4 e6 6. Nc3 Nxc3 7. bxc3 Qc7 8.
Bd2 b6 9. Nf3 d6 10. exd6 Bxd6 11. Bd3 Bb7 12. h3 Nd7 13. O-O O-O 14. Ng5 Nf6
15. Qc2 h6 16. Ne4 Bh2+ 17. Kh1 Nd5 18. f3 Rac8 19. Rac1 f5 20. Nf2 Nf4 21. Qb3
Rf6 22. Rce1 Bd5 23. Qc2 Nxg2 24. Re5 Bxe5 25. dxe5 Bxf3 26. Kg1 Qxe5 0-1

[Event "DEM U18w 2008"]
[Site "Willingen GER"]
[Date "2008.05.11"]
[Round "1"]
[White "Mucha, Annegret"]
[Black "Weiß, Katharina"]
[Result "1-0"]
[Termination "normal"]
[Board "9"]
[WhiteTitle "CM"]
[WhiteElo "1945"]
[BlackElo "1653"]
[PlyCount "93"]
[WhiteFideId "24622788"]
[BlackFideId "24692859"]
[EventCountry "GER"]
[EventRounds "9"]
[EventType "swiss"]
[EventDate "2008.05.10"]

1. e4 c5 2. Nc3 Nc6 3. g3 g6 4. Bg2 Bg7 5. f4 d6 6. Nf3 e6 7. O-O Nge7 8. d3
O-O 9. Be3 Nd4 10. Qd2 Rb8 11. Ne1 d5 12. e5 b6 13. Nd1 Ndc6 14. Bf2 Bb7 15.
Nf3 d4 16. Ng5 Bh6 17. h4 Nb4 18. Ne4 Nbd5 19. c4 Nb4 20. a3 Nbc6 21. Qe2 Kh8
22. Ng5 Qd7 23. Be1 Nd8 24. Ne4 Ng8 25. Ndf2 f5 26. exf6 Nxf6 27. Nxf6 Rxf6 28.
Ng4 Bxg2 29. Qxg2 Bg7 30. Nxf6 Bxf6 31. Bd2 Qc6 32. Qxc6 Nxc6 33. Rae1 Re8 34.
f5 gxf5 35. Rxf5 exf5 36. Rxe8+ Kg7 37. Bf4 Kf7 38. Rc8 Ne5 39. Bxe5 Bxe5 40.
Kg2 Kg6 41. b4 cxb4 42. axb4 Kf6 43. Ra8 Bd6 44. b5 Kg6 45. Rxa7 h6 46. Rb7 Bc5
47. Rc7 1-0

[Event "DEM U18w 2008"]
[Site "Willingen GER"]
[Date "2008.05.11"]
[Round "1"]
[White "Nekrassova, Ekatherina"]
[Black "Zemella, Jennifer"]
[Result "1/2-1/2"]
[Termination "normal"]
[Board "10"]
[WhiteElo "1784"]
[BlackElo "2000"]
[PlyCount "47"]
[WhiteFideId "24636266"]
[BlackFideId "24636096"]
[EventCountry "GER"]
[EventRounds "9"]
[EventType "swiss"]
[EventDate "2008.05.10"]

1. e4 e5 2. Nf3 d6 3. d4 exd4 4. Nxd4 Nf6 5. Nc3 Be7 6. Bc4 O-O 7. O-O c6 8. a4
a5 9. Bf4 Na6 10. h3 Nc5 11. Bd3 Re8 12. Qf3 Nxd3 13. Qxd3 Nh5 14. Bh2 g6 15.
Rae1 Ng7 16. Nce2 Bf6 17. c3 d5 18. exd5 Qxd5 19. Rd1 Qd8 20. Rfe1 Nf5 21. Kf1
Nxd4 22. Nxd4 Rxe1+ 23. Kxe1 Qd5 24. Kf1 1/2-1/2

[Event "DEM U18w 2008"]
[Site "Willingen GER"]
[Date "2008.05.11"]
[Round "1"]
[White "Günnigmann, Laura"]
[Black "Breitwieser, Jasmin"]
[Result "1/2-1/2"]
[Termination "normal"]
[Board "11"]
[WhiteElo "1833"]
[BlackElo "1506"]
[PlyCount "62"]
[BlackFideId "24601705"]
[EventCountry "GER"]
[EventRounds "9"]
[EventType "swiss"]
[EventDate "2008.05.10"]

1. e4 c5 2. Nf3 e6 3. d4 cxd4 4. Nxd4 Nf6 5. Nc3 d6 6. Bd3 Be7 7. O-O O-O 8.
Qe2 Nc6 9. Nb3 a6 10. Bd2 b5 11. Rae1 Bb7 12. f4 b4 13. Nd1 a5 14. e5 Nd7 15.
Qh5 g6 16. Qh3 dxe5 17. f5 exf5 18. Bh6 Re8 19. Rxf5 Bf6 20. Rf2 a4 21. Nd2 Ba6
22. Bxa6 Rxa6 23. Ref1 Nd4 24. Ne4 Nf5 25. Nxf6+ Nxf6 26. Rxf5 gxf5 27. Qxf5
Qd4+ 28. Ne3 Kh8 29. Kh1 Qe4 30. Qh3 Qg6 31. Nf5 Nh5 1/2-1/2

[Event "DEM U18w 2008"]
[Site "Willingen GER"]
[Date "2008.05.11"]
[Round "1"]
[White "Farokhpey, Sarah"]
[Black "Vollak, Marleen"]
[Result "1/2-1/2"]
[Termination "normal"]
[Board "12"]
[WhiteElo "1483"]
[BlackElo "1858"]
[PlyCount "91"]
[BlackFideId "24624233"]
[EventCountry "GER"]
[EventRounds "9"]
[EventType "swiss"]
[EventDate "2008.05.10"]

1. d4 Nf6 2. c4 e6 3. Nc3 c5 4. Nf3 cxd4 5. Nxd4 a6 6. Bg5 Be7 7. e3 Qa5 8.
Bxf6 Bxf6 9. Be2 Nc6 10. O-O O-O 11. a3 Qb6 12. Na4 Qc7 13. c5 Rd8 14. Rb1 d6
15. Nxc6 Qxc6 16. Bf3 Qc7 17. cxd6 Rxd6 18. Qb3 Rb8 19. Rfc1 Qd8 20. Rd1 b6 21.
Rxd6 Qxd6 22. Rd1 Qc7 23. Nc3 Bd7 24. Ne4 Be5 25. Nd2 Bxh2+ 26. Kh1 Bd6 27. Qc4
Bb5 28. Qxc7 Bxc7 29. b3 Rd8 30. a4 Bd3 31. Rc1 Bd6 32. Nc4 Bc5 33. Rd1 Be7 34.
Nxb6 Bc2 35. Rxd8+ Bxd8 36. a5 Bd3 37. Bb7 Bb5 38. Nc4 Kf8 39. Kg1 Ke7 40. f4
f6 41. Bc8 Bxc4 42. bxc4 Bxa5 43. Bxa6 Bb6 44. Kf2 f5 45. Kf3 Kf6 46. e4
1/2-1/2

[Event "DEM U18w 2008"]
[Site "Willingen GER"]
[Date "2008.05.11"]
[Round "1"]
[White "Strößner, Lena"]
[Black "Stein, Simone"]
[Result "1-0"]
[Termination "normal"]
[Board "13"]
[WhiteElo "1895"]
[BlackElo "1416"]
[PlyCount "67"]
[WhiteFideId "4623525"]
[BlackFideId "24692875"]
[EventCountry "GER"]
[EventRounds "9"]
[EventType "swiss"]
[EventDate "2008.05.10"]

1. Nf3 c5 2. e3 d6 3. d4 cxd4 4. exd4 Nf6 5. Be2 g6 6. O-O Bg7 7. c4 O-O 8. Nc3
d5 9. Bf4 Nc6 10. a3 e6 11. c5 a6 12. b4 Re8 13. Re1 Nh5 14. Bd6 Nxd4 15. Nxd4
Qf6 16. Bxh5 Qxd4 17. Rc1 gxh5 18. Qxd4 Bxd4 19. Nxd5 Rd8 20. Nb6 Bd7 21. Nxa8
Rxa8 22. Rcd1 Bb2 23. Rd3 Bb5 24. Rg3+ Kh8 25. h4 Rg8 26. Be5+ Bxe5 27. Rxg8+
Kxg8 28. Rxe5 Kg7 29. Kh2 Kg6 30. Kg3 Bd3 31. Rg5+ Kh6 32. Rg8 Be4 33. Kf4 Bd5
34. Ke5 1-0

[Event "DEM U18w 2008"]
[Site "Willingen GER"]
[Date "2008.05.11"]
[Round "2"]
[White "Erben, Larissa"]
[Black "Ohme, Melanie"]
[Result "0-1"]
[Termination "normal"]
[Board "1"]
[BlackTitle "FM"]
[WhiteElo "1942"]
[BlackElo "2248"]
[PlyCount "70"]
[WhiteFideId "24634590"]
[BlackFideId "4690745"]
[EventCountry "GER"]
[EventRounds "9"]
[EventType "swiss"]
[EventDate "2008.05.10"]

1. e4 c5 2. Nf3 e6 3. d4 cxd4 4. Nxd4 a6 5. Nc3 b5 6. Bd3 Qb6 7. Nf3 Nc6 8. O-O
Qb8 9. Re1 Bd6 10. a4 b4 11. Nb1 Nge7 12. Nbd2 Ng6 13. Nc4 Bc7 14. Bf1 Nge5 15.
Ncxe5 Nxe5 16. Nd4 h5 17. h3 Bb7 18. Re2 Ng4 19. f3 Bh2+ 20. Kh1 Bg1 21. f4
Nf2+ 22. Rxf2 Bxf2 23. Qd2 Bh4 24. Bd3 Qd6 25. Qe3 Bd8 26. a5 Rc8 27. Nb3 Qc6
28. Qg3 Bf6 29. e5 Bh4 30. Qxg7 Ke7 31. Nd4 Qd5 32. Bd2 Rcg8 33. Bxb4+ Kd8 34.
Qxg8+ Rxg8 35. Nf3 Rxg2 0-1

[Event "DEM U18w 2008"]
[Site "Willingen GER"]
[Date "2008.05.11"]
[Round "2"]
[White "Mader, Manuela"]
[Black "Remy, Janina"]
[Result "1-0"]
[Termination "normal"]
[Board "2"]
[WhiteTitle "FM"]
[WhiteElo "2161"]
[BlackElo "1963"]
[PlyCount "89"]
[WhiteFideId "24612928"]
[BlackFideId "24627348"]
[EventCountry "GER"]
[EventRounds "9"]
[EventType "swiss"]
[EventDate "2008.05.10"]

1. e4 c6 2. d4 d5 3. Nc3 dxe4 4. Nxe4 Bf5 5. Ng3 Bg6 6. h4 h6 7. Nf3 Nd7 8. h5
Bh7 9. Bd3 Bxd3 10. Qxd3 e6 11. Bd2 Qc7 12. O-O-O O-O-O 13. Qe2 Ngf6 14. Ne5
Nxe5 15. dxe5 Nd5 16. f4 Qb6 17. Ne4 a5 18. a3 Bc5 19. Qc4 Bd4 20. c3 Ne3 21.
Bxe3 Bxe3+ 22. Kc2 Rxd1 23. Rxd1 Rd8 24. Nd6+ Kb8 25. b4 Rd7 26. Rb1 Rc7 27.
Qf1 axb4 28. axb4 Qa6 29. Nc4 Qa2+ 30. Rb2 Qa4+ 31. Kb1 Ba7 32. Qd3 Qb5 33.
Qd8+ Rc8 34. Qxc8+ Kxc8 35. Nd6+ Kc7 36. Nxb5+ cxb5 37. Re2 Bb6 38. Kc2 Kd7 39.
Kd3 Bc7 40. Ke4 f6 41. exf6 gxf6 42. g4 Ke7 43. Rg2 e5 44. g5 fxg5 45. fxg5 1-0

[Event "DEM U18w 2008"]
[Site "Willingen GER"]
[Date "2008.05.11"]
[Round "2"]
[White "Billing, Tanja"]
[Black "Jussupow, Ekaterina"]
[Result "0-1"]
[Termination "normal"]
[Board "3"]
[WhiteElo "1816"]
[BlackElo "2046"]
[PlyCount "54"]
[WhiteFideId "24647993"]
[BlackFideId "24625400"]
[EventCountry "GER"]
[EventRounds "9"]
[EventType "swiss"]
[EventDate "2008.05.10"]

1. d4 Nf6 2. c4 e6 3. Nc3 Bb4 4. Bg5 h6 5. Bd2 Nc6 6. e3 d6 7. Qc2 O-O 8. Bd3
e5 9. d5 Ne7 10. Nge2 c6 11. e4 cxd5 12. cxd5 Nh5 13. O-O f5 14. exf5 Bxf5 15.
Bxf5 Nxf5 16. Qe4 Bc5 17. Qg4 Qh4 18. Qxh4 Nxh4 19. Ne4 Nf6 20. N2g3 Nxd5 21.
Rad1 Nf4 22. Bc3 Nfxg2 23. Nxd6 Nf4 24. Nge4 Bd4 25. Nxb7 Rf5 26. Nbd6 Nf3+ 27.
Kh1 Rh5 0-1

[Event "DEM U18w 2008"]
[Site "Willingen GER"]
[Date "2008.05.11"]
[Round "2"]
[White "Jehle, Anja"]
[Black "Mucha, Annegret"]
[Result "0-1"]
[Termination "normal"]
[Board "4"]
[BlackTitle "CM"]
[WhiteElo "1968"]
[BlackElo "1945"]
[PlyCount "94"]
[WhiteFideId "24631434"]
[BlackFideId "24622788"]
[EventCountry "GER"]
[EventRounds "9"]
[EventType "swiss"]
[EventDate "2008.05.10"]

1. d4 f5 2. Bg5 g6 3. Nd2 Bg7 4. e4 fxe4 5. Nxe4 d5 6. Ng3 Nf6 7. Bd3 Nc6 8. c3
O-O 9. Qc2 e5 10. dxe5 Nxe5 11. Be2 Qd6 12. O-O-O Nfg4 13. Bf3 c6 14. h3 Nh6
15. Bxh6 Bxh6+ 16. Kb1 Bf4 17. Qb3 Bxg3 18. fxg3 Nxf3 19. Nxf3 Qxg3 20. Rd2 b6
21. c4 Bf5+ 22. Ka1 Be4 23. cxd5 cxd5 24. Rxd5 Bxd5 25. Qxd5+ Kg7 26. Ng5 Rae8
27. Ne6+ Rxe6 28. Qxe6 Qxg2 29. Rd1 Rf1 30. Qe7+ Kh6 31. Qh4+ Kg7 32. Qe7+ Rf7
33. Qe5+ Kh6 34. h4 Qg4 35. Qd5 Qf5 36. Qd2+ Qf4 37. Qd5 Rf5 38. Qd8 Rc5 39. a3
b5 40. Qe7 Rc7 41. Qe2 Rc1+ 42. Ka2 Qc4+ 43. Qxc4 Rxc4 44. Rd7 Rxh4 45. Rxa7
Rf4 46. Rb7 Rf5 47. Kb3 g5 0-1

[Event "DEM U18w 2008"]
[Site "Willingen GER"]
[Date "2008.05.11"]
[Round "2"]
[White "Hannes, Diana"]
[Black "Strößner, Lena"]
[Result "1-0"]
[Termination "normal"]
[Board "5"]
[WhiteElo "1976"]
[BlackElo "1895"]
[PlyCount "95"]
[WhiteFideId "24611344"]
[BlackFideId "4623525"]
[EventCountry "GER"]
[EventRounds "9"]
[EventType "swiss"]
[EventDate "2008.05.10"]

1. e4 e6 2. d3 d5 3. Qe2 Nf6 4. Nf3 Be7 5. g3 c5 6. Bg2 Nc6 7. O-O O-O 8. e5
Nd7 9. h4 b5 10. Bf4 a5 11. Nbd2 Ba6 12. Rfe1 b4 13. Bh3 Kh8 14. Ng5 Qe8 15.
Qh5 Bxg5 16. hxg5 f5 17. Qd1 Rc8 18. Nf3 g6 19. Qd2 Qf7 20. Kg2 Rc7 21. Rh1
Rfc8 22. c3 bxc3 23. bxc3 Rb8 24. g4 Rcb7 25. gxf5 gxf5 26. Bg3 Rb2 27. Qe3 Rc2
28. c4 d4 29. Qf4 Rbb2 30. Bg4 Nb4 31. Bh5 Qg7 32. Rad1 Rxa2 33. Be8 Nf8 34.
Rh6 Qe7 35. g6 Qxe8 36. Rdh1 Nxg6 37. Rxh7+ Kg8 38. Qh6 Nf4+ 39. Qxf4 Qg6 40.
Rh8+ Kg7 41. R1h7+ Qxh7 42. Rxh7+ Kxh7 43. Ng5+ Kg6 44. Nxe6 Nxd3 45. Qg5+ Kf7
46. Qxf5+ Ke7 47. Bh4+ Ke8 48. Nc7# 1-0

[Event "DEM U18w 2008"]
[Site "Willingen GER"]
[Date "2008.05.11"]
[Round "2"]
[White "Hingst, Silke"]
[Black "Günnigmann, Laura"]
[Result "1/2-1/2"]
[Termination "normal"]
[Board "6"]
[WhiteElo "1752"]
[BlackElo "1833"]
[PlyCount "123"]
[WhiteFideId "4624564"]
[EventCountry "GER"]
[EventRounds "9"]
[EventType "swiss"]
[EventDate "2008.05.10"]

1. e4 c5 2. c3 d5 3. exd5 Qxd5 4. d4 Nc6 5. Nf3 cxd4 6. cxd4 e5 7. Nc3 Bb4 8.
dxe5 Qxd1+ 9. Kxd1 Bg4 10. Be2 Nge7 11. h3 O-O-O+ 12. Bd2 Bxf3 13. Bxf3 Nxe5
14. Be2 Nd5 15. Kc2 Rhe8 16. Rhe1 Nxc3 17. bxc3 Bc5 18. Bb5 Re7 19. Bf4 f6 20.
Bg3 a6 21. Be2 Rde8 22. Red1 f5 23. Rd5 Bb6 24. Rad1 Ng6 25. Bh5 f4 26. Bxg6
hxg6 27. Bxf4 Bxf2 28. Rd6 Re6 29. Rd7 R6e7 30. Rxe7 Rxe7 31. Rd6 Rf7 32. Bg5
Be1 33. Rd8+ Kc7 34. Re8 Bg3 35. Re7+ Rxe7 36. Bxe7 Kc6 37. Kd3 Kb5 38. Kd4 Bf4
39. Kd5 Bd2 40. c4+ Ka4 41. Ke6 a5 42. Bf8 Bc3 43. Kf7 g5 44. Kg6 Bf6 45. Bc5
b5 46. cxb5 Kxb5 47. Bf8 a4 48. g3 Kc4 49. h4 gxh4 50. gxh4 Bxh4 51. Bxg7 Be7
52. Kf5 Kb4 53. Ke4 Ka3 54. Kd3 Kxa2 55. Kc2 Bb4 56. Bf6 Bd6 57. Bg7 Ka3 58.
Bf6 Bc5 59. Bg7 Kb4 60. Kb2 Kc4 61. Ka2 Kd3 62. Bf6 1/2-1/2

[Event "DEM U18w 2008"]
[Site "Willingen GER"]
[Date "2008.05.11"]
[Round "2"]
[White "Zemella, Jennifer"]
[Black "Farokhpey, Sarah"]
[Result "0-1"]
[Termination "normal"]
[Board "7"]
[WhiteElo "2000"]
[BlackElo "1483"]
[PlyCount "96"]
[WhiteFideId "24636096"]
[EventCountry "GER"]
[EventRounds "9"]
[EventType "swiss"]
[EventDate "2008.05.10"]

1. e4 e6 2. Qe2 Be7 3. Nf3 c5 4. g3 Nc6 5. Bg2 h6 6. O-O Nf6 7. c3 Qb6 8. Rd1
O-O 9. d4 cxd4 10. cxd4 d5 11. e5 Nh7 12. Nc3 a6 13. Be3 Bd7 14. h3 Rac8 15.
Rac1 Na5 16. b3 Bb4 17. Bd2 Rc7 18. Qe1 Nc6 19. Na4 Bxd2 20. Qxd2 Qa7 21. Nc5
Rfc8 22. g4 b6 23. Nxd7 Rxd7 24. g5 hxg5 25. Nxg5 Nxg5 26. Qxg5 Rdc7 27. Rc3
Ne7 28. Rf3 Rc3 29. Rf4 Ng6 30. Rg4 Qe7 31. Qh5 Rc1 32. Rxc1 Rxc1+ 33. Kh2 Qb4
34. Qg5 Qe1 35. Qe3 Qxe3 36. fxe3 Rc2 37. a4 Rc3 38. b4 Rxe3 39. Rg3 Re2 40.
Kg1 Ra2 41. a5 bxa5 42. bxa5 Rxa5 43. Bf1 Ra1 44. Rb3 Nf4 45. Kf2 g6 46. h4
Ra2+ 47. Kg1 Ne2+ 48. Bxe2 Rxe2 0-1

[Event "DEM U18w 2008"]
[Site "Willingen GER"]
[Date "2008.05.11"]
[Round "2"]
[White "Vollak, Marleen"]
[Black "Nekrassova, Ekatherina"]
[Result "1-0"]
[Termination "normal"]
[Board "8"]
[WhiteElo "1858"]
[BlackElo "1784"]
[PlyCount "81"]
[WhiteFideId "24624233"]
[BlackFideId "24636266"]
[EventCountry "GER"]
[EventRounds "9"]
[EventType "swiss"]
[EventDate "2008.05.10"]

1. d4 Nf6 2. Nf3 g6 3. c4 Bg7 4. Nc3 d6 5. e4 O-O 6. Be2 Nbd7 7. O-O e5 8. dxe5
dxe5 9. Qc2 c6 10. b4 a5 11. b5 Re8 12. Rd1 Qc7 13. Rb1 Nb6 14. c5 Nbd7 15. b6
Qd8 16. Ba3 Qe7 17. Rd6 Nf8 18. h3 Nh5 19. Bc4 Be6 20. Ne2 Kh8 21. Rbd1 Rad8
22. Bxe6 Nxe6 23. Qc3 Nd4 24. Qd3 Rxd6 25. cxd6 Qe6 26. Nexd4 exd4 27. Nxd4 Qe5
28. Nf3 Qe6 29. Qd2 Qd7 30. Qxa5 Rxe4 31. Re1 Rxe1+ 32. Qxe1 Bf8 33. Qe5+ Bg7
34. Qe7 Nf6 35. Ne5 Qxe7 36. dxe7 Kg8 37. Nd7 Ne8 38. Nc5 Be5 39. Nxb7 f5 40.
Nd8 Kg7 41. Nxc6 1-0

[Event "DEM U18w 2008"]
[Site "Willingen GER"]
[Date "2008.05.11"]
[Round "2"]
[White "Breitwieser, Jasmin"]
[Black "Zikeli, Saskia"]
[Result "0-1"]
[Termination "normal"]
[Board "9"]
[WhiteElo "1506"]
[BlackElo "2053"]
[PlyCount "32"]
[WhiteFideId "24601705"]
[BlackFideId "24601543"]
[EventCountry "GER"]
[EventRounds "9"]
[EventType "swiss"]
[EventDate "2008.05.10"]

1. e4 c5 2. Nc3 Nc6 3. g3 g6 4. Bg2 Bg7 5. d3 d6 6. f4 e6 7. Nf3 Nge7 8. O-O
O-O 9. Be3 Nd4 10. Qd2 Rb8 11. Nd1 b5 12. a3 Nec6 13. c3 Nb3 14. Qf2 Nxa1 15.
Nd2 Qc7 16. Qe2 b4 0-1